000
00295nam a2200133Ia 4500
003
OSt
005
20240410145559.0
008
170524s9999 xx 000 0 und d
020
_a
9788186340745
040
_c
iimtu meerut
100
_a
BASANDRA-S.K.
245
0
_a
COMPUTER TODAY
942
_2
ddc
_c
02
999
_c
3592
_d
3592